| 000 | 00441 a2200133 4500 | ||
|---|---|---|---|
| 020 | _a9054102926 | ||
| 020 | _a9054102926 | ||
| 020 | _a9054102926 (v. 2) | ||
| 020 | _a9054102926 | ||
| 082 | _a624.17622 DYA | ||
| 245 |
_aDynamic analysis and earthquake resistant design / _cJapanese Society of Civil Engineers. |
||
| 260 |
_aRotterdam ; _aBrookfield [Vt.] : _bA.A. Balkema, _c1997-<2001> |
||
| 300 |
_av. <1-3> : _bill., maps ; _c25 cm. |
||
| 650 | _aEarthquake engineering. | ||
| 999 |
_c1292 _d1292 |
||